000 00535 a2200205 4500
003 OSt
005 20180116182945.0
008 130923b xxu||||| |||| 00| 0 eng d
020 _a9788131723685
024 _a9788131723685
040 _c0
082 _a658.1511
100 _aHorgren,Charles T.
245 _aCost Accounting.
_bA Managerial Emphasis.
_cCharles T.Horngren
250 _a13th.
260 _aDelhi
_bPrentice Hall.
_c2011
300 _a1018p.
500 _aPaper cover
942 _aNBS
_cBK
_k658.1511 HOR 2009
_2ddc
999 _c349272
_d349272